000 00818nam a2200253 i 4500
001 000021980
003 DO-SdBNP
005 20240115103339.0
007 ta
008 100915s1913 dr r 000 0 spa d
040 _aDO-SdBNP
_bspa
_cBNPHU
_erda
082 4 _222
110 2 _aInstituto Profesional de Santo Domingo
_bFacultad de Farmacia
_984769
245 1 0 _aContribución al descubrimiento del alcohol metílico impuro en los líquidos alcohólicos :
_btesis para la licenciatura /
_cM. Edwijes Rosas
264 _aSanto Domingo :
_bEscobar,
_c1913.
300 _a29 páginas ;
_c23 cm.
336 _2rdacontent
_atexto
_btxt
337 _2rdamedia
_asin mediación
_bn
338 _2rdacarrier
_avolumen
_bnc
500 _aTesis
590 _aInventariado, 2024/BT
910 _aBtavárez
942 _2ddc
_cLF2
999 _c21478
_d21478